000 00937cam a22002531i 4500
003 SA-RiAUC
005 20241231145621.0
008 241225s1999 le g 000 0 ara c
040 _aJO-AmJU
_bara
_cSA-RiAUC
_erda
082 0 4 _a260
090 _a260
_bس ل م
100 1 _aالسلمي، محمد بن الحسين بن محمد،
_d325-412 هجري
_eمؤلف.
245 1 2 _aالمقدمة في التصوف /
_cأبي عبد الرحمن السلمي ؛ تحقيق يوسف زيدان.
250 _aالطبعة الأولى.
264 1 _aبيروت :
_bدار الجيل،
_c1999
300 _a96 صفحة
336 _aنص
_btxt
_2rdacontent
_3كتاب
337 _aبدون وسيط
_bn
_2rdamedia
338 _aمجلد
_bnc
_2rdacarrier
650 7 _aالتصوف الإسلامي
_2aucsh
700 1 _aزيدان، يوسف،
_d1958-
_eمحقق.
942 _2ddc
_cBOOK
_n0
949 _aSA-JeALM
_d241225
_umohamedma123
_n1
999 _c4194
_d4194